000 00639cam a2200181 a 4500
008 890330s1989 mdua b 001 0 eng
020 _a0801839505
020 _a0801839041 (pbk.)
050 0 0 _aHD75
_b.E58
245 0 0 _aEnvironmental management and economic development /
_cGunter Schramm and Jeremy J. Warford, editors.
260 _aBaltimore :
_bPublished for the World Bank [by] Johns Hopkins University Press,
_cc1989.
300 _ax, 208 p. :
_bill. ;
650 0 _aEconomic development
_xEnvironmental aspects.
650 0 _aEnvironmental management.
700 1 _aSchramm, Gunter.
700 1 _aWarford, Jeremy J.
942 _cBK
999 _c1905
_d1905